000 00585nam a2200241Ia 4500
005 20260306145602.0
008 008 260114s9999 xx 000 0 eng d
020 _a9783110593020
037 _aEbook
040 _aCRL
040 _beng
040 _cCRL
041 _2eng
041 _aeng
084 _qCRL
245 0 _aDie Fassung *C des ›Nibelungenlieds‹ und der ›Klage‹
260 _bDe Gruyter
260 _c2018
650 _aLiterary Studies
856 _uhttps://www.degruyter.com/isbn/9783110593020
942 _cEBOOK
999 _c1689299
_d1689299